| 000 | 00729nam a22002177a 4500 | ||
|---|---|---|---|
| 003 | OSt | ||
| 005 | 20250813065543.0 | ||
| 008 | 250813b |||||||| |||| 00| 0 eng d | ||
| 020 | _a10987654321 | ||
| 040 |
_aDWC-Main Lib _cOC |
||
| 082 | _aCirc. 371.40973 S877s 2004 | ||
| 100 | _aStone, Carolyn B. | ||
| 245 |
_aSchool counselor accountability : _ba measure of student success/ _cCarolyn B. Stone & Carol A. Dahir |
||
| 260 |
_aNew Jersey : _bPearson Education, _cc2004. |
||
| 300 |
_aviii, 120 pages : _billustrations ; _c28cm. |
||
| 504 | _aIndex appendix. | ||
| 650 | _a1. Education --- Standards --- United States. | ||
| 650 | _a2. Educational change. | ||
| 700 | _aDahir, Carol A. | ||
| 942 |
_2ddc _cBK-CIRC _kCirc. _n0 |
||
| 999 |
_c3951 _d3951 |
||